[Event "Bergisch Gladbach-ch 24th"]
[Site "Bergisch Gladbach"]
[Date "2002.09.13"]
[Round "3"]
[White "Klein, Andreas"]
[Black "Bose, Rana"]
[Result "1/2-1/2"]
[WhiteElo "1720"]
[BlackElo "1640"]
[PlyCount "45"]
[EventDate "2002.08.??"]
[EventType "swiss"]
[EventRounds "7"]
[EventCountry "GER"]
[SourceTitle "EXT 2005"]
[Source "ChessBase"]
[SourceDate "2004.11.15"]
[SourceVersion "1"]
[SourceVersionDate "2004.11.15"]
[SourceQuality "1"]

1. e4 g6 2. d4 Bg7 3. Nc3 e6 4. Bc4 Ne7 5. Bg5 c6 6. Bb3 0-0 7. Qd2 Re8 8. 0-0-0 b5 9. e5 d5 10. f4 a5 11. a4 Bd7 12. Nge2 Na6 13. g4 b4 14. Nb1 c5 15. c4 Rc8 16. Qd3 Qc7 17. Kd2 cxd4 18. cxd5 exd5 19. Qxa6 Nc6 20. Rc1 Bxg4 21. Nxd4 Bxe5 22. Rhf1 Bxd4 23. Rfe1 1/2-1/2

[Event "Bergisch Gladbach-ch 24th"]
[Site "Bergisch Gladbach"]
[Date "2002.09.03"]
[Round "1"]
[White "Bax, Ronny"]
[Black "Bose, Rana"]
[Result "1-0"]
[WhiteElo "1805"]
[BlackElo "1644"]
[PlyCount "63"]
[EventDate "2002.08.??"]
[EventType "swiss"]
[EventRounds "7"]
[EventCountry "GER"]
[SourceTitle "EXT 2005"]
[Source "ChessBase"]
[SourceDate "2004.11.15"]
[SourceVersion "1"]
[SourceVersionDate "2004.11.15"]
[SourceQuality "1"]

1. e4 c6 2. d4 d5 3. e5 Bf5 4. Bd3 Bxd3 5. Qxd3 e6 6. f4 c5 7. c3 Nc6 8. Ne2 Nh6 9. Ng3 Qb6 10. dxc5 Bxc5 11. Qe2 a5 12. Nd2 0-0 13. Nb3 f6 14. Nxc5 Qxc5 15. exf6 Rxf6 16. Be3 Qe7 17. 0-0-0 Nf5 18. Bf2 Nd6 19. Nh5 Rf7 20. Bc5 b6 21. Bd4 Ne4 22. Rhe1 e5 23. Bxe5 Nxe5 24. Rxd5 Nd7 25. Qxe4 Qxe4 26. Rxe4 g6 27. Red4 Nc5 28. Rd8+ Rxd8 29. Rxd8+ Rf8 30. Nf6+ Kg7 31. Rxf8 Kxf8 32. Nxh7+ 1-0

[Event "Bergisch Gladbach-ch op"]
[Site "Bergisch Gladbach"]
[Date "2001.09.21"]
[Round "6"]
[White "Gewert, Arne"]
[Black "Bose, Rana"]
[Result "0-1"]
[WhiteElo "1625"]
[BlackElo "1493"]
[PlyCount "46"]
[EventDate "2001.08.17"]
[EventType "swiss"]
[EventRounds "7"]
[EventCountry "GER"]
[SourceTitle "EXT 2006"]
[Source "ChessBase"]
[SourceDate "2005.11.24"]
[SourceVersion "1"]
[SourceVersionDate "2005.11.24"]
[SourceQuality "1"]

1. d4 Nf6 2. c4 e6 3. Nf3 b6 4. a3 d5 5. Nc3 Be7 6. Bf4 0-0 7. e3 c5 8. cxd5 Nxd5 9. Nxd5 exd5 10. Be2 Nc6 11. 0-0 Bg4 12. Re1 c4 13. Nd2 Be6 14. b4 b5 15. Rb1 Qb6 16. Qc2 a5 17. Qc3 axb4 18. axb4 Ra4 19. Rb2 Bxb4 20. Qc2 c3 21. Rxb4 Nxb4 22. Qxc3 Rc8 23. Qb3 Rc2 0-1

[Event "Bergisch Gladbach-ch op"]
[Site "Bergisch Gladbach"]
[Date "2001.08.31"]
[Round "3"]
[White "Bose, Rana"]
[Black "Scharff, Klaus"]
[Result "1-0"]
[WhiteElo "1493"]
[BlackElo "1946"]
[PlyCount "123"]
[EventDate "2001.08.17"]
[EventType "swiss"]
[EventRounds "7"]
[EventCountry "GER"]
[SourceTitle "EXT 2006"]
[Source "ChessBase"]
[SourceDate "2005.11.24"]
[SourceVersion "1"]
[SourceVersionDate "2005.11.24"]
[SourceQuality "1"]

1. e4 e6 2. d4 d5 3. Nd2 Nf6 4. e5 Nfd7 5. Bd3 c5 6. c3 Nc6 7. Ne2 cxd4 8. cxd4 Nb4 9. Bb1 b6 10. a3 Nc6 11. 0-0 Ba6 12. Nf3 Rc8 13. Re1 Be7 14. Nf4 Nf8 15. Qa4 Bb7 16. Bd3 h5 17. Nh3 Nh7 18. Bxh7 Rxh7 19. Nfg5 Rh8 20. Be3 Qd7 21. Qd1 Na5 22. f4 g6 23. Bf2 Kf8 24. Bh4 Nc4 25. b4 Qb5 26. Nf3 Bxh4 27. Nxh4 Nb2 28. Qd2 Nd3 29. Re3 Ba6 30. a4 Qxb4 31. Rxd3 Qe7 32. Rg3 Qxh4 33. Rg5 Rc4 34. Nf2 Kg7 35. g3 Qxg5 36. fxg5 Rhc8 37. Qd1 Rc2 38. Nh3 Be2 39. Qe1 R8c4 40. Nf4 Bf3 41. Nd3 Rg2+ 42. Kf1 Rxh2 43. Nf2 h4 44. gxh4 Rxh4 45. Qe3 Bh5 46. Kg2 Rhxd4 47. Rc1 Rxa4 48. Ra1 Rab4 49. Rxa7 Rf4 50. Ra2 Rf5 51. Nh1 d4 52. Qd2 Bf3+ 53. Kh2 Rc4 54. Ng3 Rxe5 55. Qf4 Re3 56. Qh4 e5 57. Qh6+ Kg8 58. Nf5 gxf5 59. g6 fxg6 60. Qxg6+ Kh8 61. Qf6+ Kh7 62. Ra7+ 1-0

[Event "Bergisch Gladbach-ch op"]
[Site "Bergisch Gladbach"]
[Date "2001.08.24"]
[Round "2"]
[White "Bosbach, Manfred"]
[Black "Bose, Rana"]
[Result "1-0"]
[WhiteElo "1887"]
[BlackElo "1493"]
[PlyCount "69"]
[EventDate "2001.08.17"]
[EventType "swiss"]
[EventRounds "7"]
[EventCountry "GER"]
[SourceTitle "EXT 2006"]
[Source "ChessBase"]
[SourceDate "2005.11.24"]
[SourceVersion "1"]
[SourceVersionDate "2005.11.24"]
[SourceQuality "1"]

1. e4 c5 2. Nf3 e6 3. d4 cxd4 4. Nxd4 Nc6 5. Be3 Nf6 6. Nd2 d5 7. Nxc6 bxc6 8. Bd3 Bd6 9. 0-0 0-0 10. Bg5 h6 11. Bh4 e5 12. Qf3 g5 13. Bg3 d4 14. Qe2 Kh8 15. Nc4 Qe7 16. Qd2 Rg8 17. c3 c5 18. cxd4 cxd4 19. Nxd6 Qxd6 20. Qa5 Nd7 21. Rac1 Qb6 22. Bxe5+ Nxe5 23. Qxe5+ Kh7 24. Qc7 Be6 25. Qxb6 axb6 26. a3 Rgc8 27. f3 Rc5 28. Rxc5 bxc5 29. Rc1 c4 30. Bxc4 Bxc4 31. Rxc4 Rd8 32. Kf1 d3 33. Ke1 Rb8 34. b4 Ra8 35. Rc3 1-0